Normal view
MARC view
Entry Personal Name
001 - CONTROL NUMBER
- control field: 36459
003 - CONTROL NUMBER IDENTIFIER
- control field: OSt
005 - DATE AND TIME OF LATEST TRANSACTION
- control field: 20230303163242.0
008 - FIXED-LENGTH DATA ELEMENTS
- fixed length control field: 230303|| aca||aabn | a|a d
040 ## - CATALOGING SOURCE
- Original cataloging agency: OSt
- Transcribing agency: OSt
100 ## - HEADING--PERSONAL NAME
- Personal name: Yoon, N., Fields, K. Coohran, B. and Nabatchi, T.
670 ## - SOURCE DATA FOUND
- Source citation: Work cat.: (OSt)521269: Yoon, N., Fields, K. Coohran, B. and Nabatchi, T., Collaborative governance at scale: Examining the regimes, platforms, and system in the state of Oregon
